Znasz tytuły tych bajek? - Statystyki

Ogólne statystyki
  • Ten quiz został rozwiązany 411 razy
  • Średni wynik to 13 z 24
Statystyki odpowiedzi
Obrazkowy Odpowiedź % Poprawnych
Tom i Jerry
95%
Krecik
91%
Scooby Doo
85%
Tabaluga
85%
Gumisie
82%
Muminki
80%
Reksio
78%
Bolek i Lolek
76%
Flinstonowie
73%
Miś Uszatek
71%
Smerfy
69%
Inspektor Gadżet
64%
Rumcajs
56%
Listonosz Pat
52%
Przygody kota Filemona
45%
Było sobie życie
43%
Bracia koala
35%
Jetsonowie
33%
Żwirek i Muchomorek
33%
Zwariowane melodie
30%
Pomysłowy Dobromir
28%
Przygody Baltazara Gąbki
20%
Troskliwe Misie
18%
Chip i Dale : Brygada RR
2%
Nie znaleziono quizów pasujących do podanych kryteriów
Rozkład punktacji
Procent ludzi z każdym wynikiem
Percentyl według liczby udzielonych odpowiedzi
Twoja historia wyników
Nie rozwiązałeś tego quizu